000 01069nam a2200289 4500
001 0000013101
003 CO-CtgCURN
005 20250331183915.0
007 ta
008 160627s1988 000 0 eng d
040 _aCO-CtgCURN
_bspa
_ccoctgcurn
082 0 _a155.422
_bL579m
100 1 _aLeon Pardo, Ciro H.
245 1 0 _aManual de estimulacion temprana :
_btexto programado /
_cCiro H. Leon Pardo.
250 _a2a ed.
260 _aBogotá :
_bFundacion Universitaria Monserrate,
_c1988.
300 _a246 p.
336 _2rdacontent
337 _2rdamedia
_asin mediacion
_bn
338 _2rdacarrier
_avolumen
_bnc
504 _aBibliografia (p. 229-233)
505 8 _aFundamentos generales de la estimulacion temprana.--Recomendaciones para la utilizacion de tecnicas de estimulacon temprana.--La estimulacion temprana a lo largo del desarrollo ontogenetico (0 a 3 años)
650 1 4 _aPsicología infantil.
908 _a160627
942 _cBK
_h155.422
_iL579m
_2ddc
999 _c17170
_d17170